Normal view
MARC view
- Nazir, Abida
Entry Personal Name
001 - CONTROL NUMBER
- control field: 122747
003 - CONTROL NUMBER IDENTIFIER
- control field: NUST
005 - DATE AND TIME OF LATEST TRANSACTION
- control field: 20240520152306.0
008 - FIXED-LENGTH DATA ELEMENTS
- fixed length control field: 240520|| aca||aabn | a|a d
040 ## - CATALOGING SOURCE
- Original cataloging agency: NUST
- Transcribing agency: NUST
100 ## - HEADING--PERSONAL NAME
- Personal name: Nazir, Abida
670 ## - SOURCE DATA FOUND
- Source citation: Work cat.: (NUST): Nazir, Abida , Analyzing and Decoding Natural Reach & Grasp Action Using Convolutional Neural Network /
